<?xml version="1.0" encoding="UTF-8"?>
<record
    xmlns:xsi="http://www.w3.org/2001/XMLSchema-instance"
    xsi:schemaLocation="http://www.loc.gov/MARC21/slim http://www.loc.gov/standards/marcxml/schema/MARC21slim.xsd"
    xmlns="http://www.loc.gov/MARC21/slim">

  <leader>03119nam0a22004691  4500</leader>
  <controlfield tag="001">RU\NLR\A1\25189</controlfield>
  <controlfield tag="005">20251203152403.2</controlfield>
  <datafield tag="035" ind1=" " ind2=" ">
    <subfield code="a">(NLR Aleph) 009679513</subfield>
  </datafield>
  <datafield tag="090" ind1=" " ind2=" ">
    <subfield code="a">9696372</subfield>
    <subfield code="c">9696372</subfield>
  </datafield>
  <datafield tag="100" ind1=" " ind2=" ">
    <subfield code="a">19990315d1800    u  y0rusy50      ca</subfield>
  </datafield>
  <datafield tag="101" ind1="0" ind2=" ">
    <subfield code="a">rus</subfield>
  </datafield>
  <datafield tag="102" ind1=" " ind2=" ">
    <subfield code="a">RU</subfield>
  </datafield>
  <datafield tag="200" ind1="1" ind2=" ">
    <subfield code="a">&#x418;&#x441;&#x442;&#x43E;&#x447;&#x43D;&#x438;&#x43A; &#x437;&#x434;&#x440;&#x430;&#x432;&#x438;&#x44F;, &#x438;&#x43B;&#x438; &#x421;&#x43B;&#x43E;&#x432;&#x430;&#x440;&#x44C; &#x432;&#x441;&#x435;&#x445; &#x443;&#x43F;&#x43E;&#x442;&#x440;&#x435;&#x431;&#x438;&#x442;&#x435;&#x43B;&#x44C;&#x43D;&#x44B;&#x445; &#x441;&#x43D;&#x435;&#x434;&#x435;&#x439;, &#x43F;&#x440;&#x438;&#x43F;&#x440;&#x430;&#x432; &#x438; &#x43D;&#x430;&#x43F;&#x438;&#x442;&#x43A;&#x43E;&#x432;, &#x438;&#x437; &#x442;&#x440;&#x435;&#x445; &#x446;&#x430;&#x440;&#x441;&#x442;&#x432; &#x43F;&#x440;&#x438;&#x440;&#x43E;&#x434;&#x44B; &#x438;&#x437;&#x432;&#x43B;&#x435;&#x43A;&#x430;&#x435;&#x43C;&#x44B;&#x445;,</subfield>
    <subfield code="e">&#x421; &#x43F;&#x43E;&#x434;&#x440;&#x43E;&#x431;&#x43D;&#x44B;&#x43C; &#x43E;&#x43F;&#x438;&#x441;&#x430;&#x43D;&#x438;&#x435;&#x43C; &#x438;&#x445; &#x43B;&#x435;&#x43A;&#x430;&#x440;&#x441;&#x442;&#x432;&#x435;&#x43D;&#x43D;&#x44B;&#x445; &#x441;&#x438;&#x43B; &#x438; &#x43F;&#x43E;&#x43B;&#x435;&#x437;&#x43D;&#x44B;&#x445; &#x438;&#x43B;&#x438; &#x432;&#x440;&#x435;&#x434;&#x43D;&#x44B;&#x445; &#x434;&#x435;&#x439;&#x441;&#x442;&#x432;&#x438;&#x439; &#x432; &#x442;&#x435;&#x43B;&#x435; &#x447;&#x435;&#x43B;&#x43E;&#x432;&#x435;&#x447;&#x435;&#x441;&#x43A;&#x43E;&#x43C;, &#x441;&#x43C;&#x43E;&#x442;&#x440;&#x44F; &#x43F;&#x43E; &#x440;&#x430;&#x437;&#x43B;&#x438;&#x447;&#x43D;&#x44B;&#x43C; &#x442;&#x435;&#x43C;&#x43F;&#x435;&#x440;&#x430;&#x43C;&#x435;&#x43D;&#x442;&#x430;&#x43C; &#x438;&#x43B;&#x438; &#x441;&#x43B;&#x43E;&#x436;&#x435;&#x43D;&#x438;&#x44F;&#x43C; &#x43E;&#x43D;&#x430;&#x433;&#x43E;,</subfield>
    <subfield code="e">&#x421; &#x43F;&#x440;&#x438;&#x441;&#x43E;&#x432;&#x43E;&#x43A;&#x443;&#x43F;&#x43B;&#x435;&#x43D;&#x438;&#x435;&#x43C; &#x43C;&#x43D;&#x43E;&#x433;&#x438;&#x445; &#x43F;&#x43E;&#x43B;&#x435;&#x437;&#x43D;&#x435;&#x439;&#x448;&#x438;&#x445; &#x438; &#x43D;&#x43E;&#x432;&#x435;&#x439;&#x448;&#x438;&#x445; &#x43E;&#x442;&#x43A;&#x440;&#x44B;&#x442;&#x438;&#x439;, &#x43A;&#x430;&#x441;&#x430;&#x442;&#x435;&#x43B;&#x44C;&#x43D;&#x43E; &#x441;&#x43E;&#x445;&#x440;&#x430;&#x43D;&#x435;&#x43D;&#x438;&#x435; [!] &#x437;&#x434;&#x43E;&#x440;&#x43E;&#x432;&#x44C;&#x44F; &#x438; &#x432;&#x440;&#x430;&#x447;&#x435;&#x432;&#x430;&#x43D;&#x438;&#x44F; &#x431;&#x43E;&#x43B;&#x435;&#x437;&#x43D;&#x435;&#x439; &#x43A;&#x430;&#x43A; &#x432;&#x43D;&#x443;&#x442;&#x440;&#x435;&#x43D;&#x43D;&#x438;&#x445;, &#x442;&#x430;&#x43A; &#x438; &#x43D;&#x430;&#x440;&#x443;&#x436;&#x43D;&#x44B;&#x445;.</subfield>
    <subfield code="f">&#x418;&#x437;&#x432;&#x43B;&#x435;&#x43A; &#x438;&#x437; &#x43B;&#x443;&#x447;&#x448;&#x438;&#x445; &#x438; &#x43D;&#x43E;&#x432;&#x435;&#x439;&#x448;&#x438;&#x445; &#x43C;&#x435;&#x434;&#x438;&#x43A;&#x43E;-&#x444;&#x438;&#x437;&#x438;&#x447;&#x435;&#x441;&#x43A;&#x438;&#x445; &#x441;&#x43E;&#x447;&#x438;&#x43D;&#x435;&#x43D;&#x438;&#x439; &#x438; &#x432; &#x43F;&#x43E;&#x43B;&#x44C;&#x437;&#x443; &#x43F;&#x435;&#x43A;&#x443;&#x449;&#x438;&#x445;&#x441;&#x44F; &#x43E; &#x437;&#x434;&#x440;&#x430;&#x432;&#x438;&#x438; &#x441;&#x432;&#x43E;&#x435;&#x43C; &#x43E;&#x441;&#x43E;&#x431; &#x438;&#x437;&#x434;&#x430;&#x43B; &#x41F;&#x430;&#x43D;[&#x43A;&#x440;&#x430;&#x442;&#x438;&#x439;] &#x421;&#x443;&#x43C;[&#x430;&#x440;&#x43E;&#x43A;&#x43E;&#x432;]</subfield>
  </datafield>
  <datafield tag="210" ind1=" " ind2=" ">
    <subfield code="a">&#x41C;.</subfield>
    <subfield code="c">&#x423;&#x43D;&#x438;&#x432;. &#x442;&#x438;&#x43F;., &#x443; &#x420;&#x438;&#x434;&#x438;&#x433;&#x435;&#x440;&#x430; &#x438; &#x41A;&#x43B;&#x430;&#x443;&#x434;&#x438;&#x44F;</subfield>
    <subfield code="d">1800</subfield>
  </datafield>
  <datafield tag="215" ind1=" " ind2=" ">
    <subfield code="a">[3], 260 &#x441;.</subfield>
    <subfield code="d">8&#xB0;</subfield>
  </datafield>
  <datafield tag="305" ind1=" " ind2=" ">
    <subfield code="a">&#x41A;&#x43D;. &#x43D;&#x435;&#x43E;&#x434;&#x43D;&#x43E;&#x43A;&#x440;&#x430;&#x442;&#x43D;&#x43E; &#x43F;&#x435;&#x440;&#x435;&#x438;&#x437;&#x434;&#x430;&#x432;&#x430;&#x43B;&#x430;&#x441;&#x44C; &#x432; XIX &#x432;.</subfield>
  </datafield>
  <datafield tag="316" ind1=" " ind2=" ">
    <subfield code="a">&#x412; &#x44D;&#x43A;&#x437;. &#x420;&#x41D;&#x411; &#x432;&#x43A;&#x43B;&#x435;&#x435;&#x43D;&#x43E; 80 &#x441;. &#x440;&#x443;&#x43A;&#x43E;&#x43F;. &#x442;&#x435;&#x43A;&#x441;&#x442;&#x430;, &#x43D;&#x430;&#x43F;&#x438;&#x441;. &#x43F;&#x43E;&#x447;&#x435;&#x440;&#x43A;&#x43E;&#x43C; 18 &#x432;. &#x43F;&#x43E;&#x434; &#x437;&#x430;&#x433;&#x43B;.: &#x420;&#x435;&#x44D;&#x441;&#x442;&#x440; &#x441;&#x435;&#x439; &#x43A;&#x43D;&#x438;&#x433;&#x435; &#x432; &#x434;&#x43E;&#x43C;&#x43E;&#x432;&#x43E;&#x434;&#x43D;&#x43E;&#x43C; &#x43F;&#x43E;&#x43B;&#x437;&#x43E;&#x432;&#x430;&#x43D;&#x438;&#x438; &#x447;&#x435;&#x43B;&#x43E;&#x432;&#x435;&#x447;&#x435;&#x441;&#x43A;&#x438;&#x445; &#x43F;&#x440;&#x438;&#x43F;&#x430;&#x434;&#x43A;&#x43E;&#x432; &#x438;&#x437; &#x43D;&#x43E;&#x432;&#x435;&#x439;&#x448;&#x438;&#x445; &#x43C;&#x435;&#x434;&#x438;&#x43A;&#x43E;&#x444;&#x438;&#x437;&#x438;&#x447;&#x435;&#x441;&#x43A;&#x438;&#x445; &#x441;&#x43E;&#x447;&#x438;&#x43D;&#x435;&#x43D;&#x438;&#x439; &#x43F;&#x43E; &#x43A;&#x43E;&#x442;&#x43E;&#x440;&#x43E;&#x43C;&#x443; &#x434;&#x43B;&#x44F; &#x431;&#x43B;&#x438;&#x436;&#x430;&#x439;&#x448;&#x430;&#x433;&#x43E; &#x440;&#x443;&#x43A;&#x43E;&#x432;&#x43E;&#x434;&#x441;&#x442;&#x432;&#x430; &#x43F;&#x43E; &#x438;&#x43C;&#x44F;&#x43D;&#x43E;&#x432;&#x430;&#x43D;&#x438;&#x44E; &#x431;&#x43E;&#x43B;&#x435;&#x437;&#x43D;&#x435;&#x439; &#x432; &#x442;&#x440;&#x435;&#x445; &#x447;&#x430;&#x441;&#x442;&#x44F;&#x445;. &#x41D;&#x430;&#x434;&#x43B;&#x435;&#x436;&#x438;&#x442; &#x43D;&#x430;&#x445;&#x43E;&#x434;&#x438;&#x442;&#x44C; &#x43F;&#x43E;&#x43B;&#x437;&#x443;</subfield>
    <subfield code="5">139/1083</subfield>
  </datafield>
  <datafield tag="321" ind1=" " ind2=" ">
    <subfield code="a">&#x421;&#x41A; XVIII 7068</subfield>
  </datafield>
  <datafield tag="517" ind1="1" ind2=" ">
    <subfield code="a">&#x421;&#x43B;&#x43E;&#x432;&#x430;&#x440;&#x44C; &#x432;&#x441;&#x435;&#x445; &#x443;&#x43F;&#x43E;&#x442;&#x440;&#x435;&#x431;&#x438;&#x442;&#x435;&#x43B;&#x44C;&#x43D;&#x44B;&#x445; &#x441;&#x43D;&#x435;&#x434;&#x435;&#x439;, &#x43F;&#x440;&#x438;&#x43F;&#x440;&#x430;&#x432; &#x438; &#x43D;&#x430;&#x43F;&#x438;&#x442;&#x43A;&#x43E;&#x432;, &#x438;&#x437; &#x442;&#x440;&#x435;&#x445; &#x446;&#x430;&#x440;&#x441;&#x442;&#x432; &#x43F;&#x440;&#x438;&#x440;&#x43E;&#x434;&#x44B; &#x438;&#x437;&#x432;&#x43B;&#x435;&#x43A;&#x430;&#x435;&#x43C;&#x44B;&#x445;,</subfield>
  </datafield>
  <datafield tag="620" ind1=" " ind2=" ">
    <subfield code="d">&#x41C;&#x43E;&#x441;&#x43A;&#x432;&#x430;</subfield>
  </datafield>
  <datafield tag="700" ind1=" " ind2="1">
    <subfield code="6">z01790</subfield>
    <subfield code="a">&#x421;&#x443;&#x43C;&#x430;&#x440;&#x43E;&#x43A;&#x43E;&#x432;</subfield>
    <subfield code="b">&#x41F;.&#x41F;.</subfield>
    <subfield code="f">1765-1814</subfield>
    <subfield code="g">&#x41F;&#x430;&#x43D;&#x43A;&#x440;&#x430;&#x442;&#x438;&#x439; &#x41F;&#x43B;&#x430;&#x442;&#x43E;&#x43D;&#x43E;&#x432;&#x438;&#x447;</subfield>
    <subfield code="4">070</subfield>
  </datafield>
  <datafield tag="702" ind1=" " ind2="1">
    <subfield code="a">&#x420;&#x438;&#x434;&#x438;&#x433;&#x435;&#x440;</subfield>
    <subfield code="b">&#x425;.</subfield>
    <subfield code="g">&#x425;&#x440;&#x438;&#x441;&#x442;&#x438;&#x430;&#x43D;</subfield>
    <subfield code="4">610</subfield>
  </datafield>
  <datafield tag="702" ind1=" " ind2="1">
    <subfield code="a">&#x41A;&#x43B;&#x430;&#x443;&#x434;&#x438;&#x439;</subfield>
    <subfield code="b">&#x425;.&#x410;.</subfield>
    <subfield code="f">-1805</subfield>
    <subfield code="g">&#x425;&#x440;&#x438;&#x441;&#x442;&#x43E;&#x444;&#x43E;&#x440; &#x410;&#x43B;&#x435;&#x43A;&#x441;&#x430;&#x43D;&#x434;&#x440;&#x43E;&#x432;&#x438;&#x447;</subfield>
    <subfield code="4">610</subfield>
  </datafield>
  <datafield tag="712" ind1="0" ind2="2">
    <subfield code="a">&#x41C;&#x43E;&#x441;&#x43A;&#x43E;&#x432;&#x441;&#x43A;&#x438;&#x439; &#x443;&#x43D;&#x438;&#x432;&#x435;&#x440;&#x441;&#x438;&#x442;&#x435;&#x442;</subfield>
    <subfield code="b">&#x422;&#x438;&#x43F;&#x43E;&#x433;&#x440;&#x430;&#x444;&#x438;&#x44F;</subfield>
    <subfield code="4">610</subfield>
  </datafield>
  <datafield tag="790" ind1=" " ind2="1">
    <subfield code="6">z01700</subfield>
    <subfield code="a">&#x421;&#x443;&#x43C;.</subfield>
    <subfield code="b">&#x41F;.</subfield>
    <subfield code="g">&#x41F;&#x430;&#x43D;.</subfield>
  </datafield>
  <datafield tag="801" ind1=" " ind2="0">
    <subfield code="a">RU</subfield>
    <subfield code="b">NLR</subfield>
    <subfield code="c">19990315</subfield>
  </datafield>
  <datafield tag="852" ind1=" " ind2=" ">
    <subfield code="a">NLR</subfield>
    <subfield code="j">17.125.4.14</subfield>
  </datafield>
  <datafield tag="852" ind1=" " ind2=" ">
    <subfield code="a">NLR</subfield>
    <subfield code="j">17.125.4.14&#x430;</subfield>
  </datafield>
  <datafield tag="852" ind1=" " ind2=" ">
    <subfield code="a">NLR</subfield>
    <subfield code="j">139/1083</subfield>
  </datafield>
  <datafield tag="899" ind1=" " ind2=" ">
    <subfield code="a">&#x420;&#x413;&#x411;</subfield>
  </datafield>
  <datafield tag="899" ind1=" " ind2=" ">
    <subfield code="a">&#x411;&#x410;&#x41D;</subfield>
  </datafield>
  <datafield tag="899" ind1=" " ind2=" ">
    <subfield code="a">&#x413;&#x41C;&#x423; "&#x410;&#x440;&#x445;&#x430;&#x43D;&#x433;&#x435;&#x43B;&#x44C;&#x441;&#x43A;&#x43E;&#x435;"</subfield>
  </datafield>
  <datafield tag="899" ind1=" " ind2=" ">
    <subfield code="a">&#x41A;&#x43E;&#x441;&#x442;&#x41E;&#x423;&#x41D;&#x411;</subfield>
  </datafield>
  <datafield tag="899" ind1=" " ind2=" ">
    <subfield code="a">&#x41C;&#x413;&#x423;</subfield>
  </datafield>
  <datafield tag="899" ind1=" " ind2=" ">
    <subfield code="a">&#x413;&#x41F;&#x418;&#x411;</subfield>
  </datafield>
  <datafield tag="899" ind1=" " ind2=" ">
    <subfield code="a">&#x414;&#x413;&#x41F;&#x411;</subfield>
  </datafield>
  <datafield tag="899" ind1=" " ind2=" ">
    <subfield code="a">&#x41F;&#x413;&#x41E;&#x41A;&#x41C;</subfield>
  </datafield>
  <datafield tag="899" ind1=" " ind2=" ">
    <subfield code="a">&#x41D;&#x411;&#x41B; &#x41A;&#x413;&#x423;</subfield>
  </datafield>
  <datafield tag="942" ind1=" " ind2=" ">
    <subfield code="c">BOOK</subfield>
  </datafield>
  <datafield tag="980" ind1=" " ind2=" ">
    <subfield code="a">NB</subfield>
  </datafield>
  <datafield tag="980" ind1=" " ind2=" ">
    <subfield code="a">A1XVIIIv</subfield>
  </datafield>
  <datafield tag="995" ind1=" " ind2=" ">
    <subfield code="5">2016-05-13</subfield>
    <subfield code="b">NLR02</subfield>
    <subfield code="c">NLR02</subfield>
    <subfield code="e">RFS</subfield>
    <subfield code="f">9679513-10</subfield>
    <subfield code="k">17.125.4.14</subfield>
    <subfield code="o">0</subfield>
    <subfield code="r">BOOK</subfield>
    <subfield code="s">17125414_</subfield>
  </datafield>
  <datafield tag="995" ind1=" " ind2=" ">
    <subfield code="5">2016-05-13</subfield>
    <subfield code="b">NLR02</subfield>
    <subfield code="c">NLR02</subfield>
    <subfield code="e">RFS</subfield>
    <subfield code="f">9679513-20</subfield>
    <subfield code="k">17.125.4.14&#x430;</subfield>
    <subfield code="o">0</subfield>
    <subfield code="r">BOOK</subfield>
    <subfield code="s">17125414_</subfield>
  </datafield>
</record>
